| 000 | 00475 a2200193 4500 | ||
|---|---|---|---|
| 005 | 20260407121242.0 | ||
| 008 | 260319b |||||||| |||| 00| 0 eng d | ||
| 020 |
_a9788195237258 _cRs. 495.00 |
||
| 040 | _aMAIN | ||
| 082 |
_a574.87 _bR186C |
||
| 100 | _aRastogi, Veer Bala | ||
| 245 | _aCell biology | ||
| 260 |
_bMedtech Science Press _c2023 _aNew Delhi |
||
| 300 | _axiv. 513 | ||
| 650 | _aBiology | ||
| 650 | _aCell Biology | ||
| 650 | _aCytology | ||
| 942 | _cBK | ||
| 999 |
_c395206 _d395206 |
||